000 00530cam a2200157 4500
020 _a0444406824
050 0 0 _aQD476
_b.R4
100 1 _aKirk, D. N.
245 1 0 _aSteroid reaction mechanisms /
_cBy D. N. Kirk and M. P. Hartshorn.
260 _aAmsterdam [The Netherlands] ;
_aNew York [USA] ;
_aLondon [UK] :
_bElsevier Publishing Co.,
_cc1968.
300 _axii, 476 p.
500 _aincludes bibliographic references and index
650 _bSteroids ;
_bOrganic reaction mechanisms
700 1 _aHartshorn, M. P.,
942 _cGEN
999 _c2462
_d2462